000
00293nam a22001217a 4500
020
_a
9789380235486
082
_a
635
_b
PET/TH
100
_a
Peter, K .V
_9
305
245
_a
Science of Horticulture- Vol.2
260
_a
New Delhi
_b
New India Publishing Agency
_c
2011
300
_a
348
942
_c
BK
999
_c
14237
_d
14237